01252nam a2200121 4500008004100000100002300041245009900064260000900163300001500172520087200187650002101059773005001080190208b ||||| |||| 00| 0 eng d aAcharya, Keshav K. aThe capacity of local governments in Nepal: bfrom government to governance and governability? c2018 ap.186-197. aLocal governments are units of government closest to the grassroots, with responsibility not only for institutionalising local governance by creating an enabling environment to promote democratic values and public participation in decision-making, but also for accelerating social and economic development in order to enhance the quality and prosperity of community life. These fundamental aspects of their responsibility constitute core goals in most governmental systems. In Nepal, however, as in many other countries, the goals are only partially pursued and met, despite relevant institutional arrangements having been put in place. Accordingly, as highlighted in the discussion, there is much still to be done to ensure local governments have the requisite capacity to design and deliver services and infrastructure of immediate local significance. - Reproduced. aGovernance-Nepal aAsia Pacific Journal of Public Administration